| 000 | 00706nam a2200205Ia 4500 | ||
|---|---|---|---|
| 003 | GCL | ||
| 008 | 140319s9999 xx 000 0 ara d | ||
| 040 |
_aGCL / _cGCL |
||
| 082 | 0 | 4 |
_a368.092 _bس ت |
| 100 | 1 | _aالسيد خلف محمد | |
| 245 | 1 | 0 |
_aالتحريم والعقاب فى قانون المرور: القتل والاصابة الخطا والتامين على السيارات / _cالسيد خلف محمد |
| 260 |
_a[S.N] : _bالمكتبة القانونية ، _c1992 |
||
| 300 | _a368 ص | ||
| 490 | _a | ||
| 650 | 0 | 4 | _aالقانون الجنائى |
| 650 | 0 | 4 | _aالقانون |
| 650 | 0 | 4 | _aالقتل |
| 650 | 0 | 4 | _aالتأمين على السيارات |
| 942 |
_2ddc _cBK |
||
| 999 |
_c42337 _d42337 |
||